[Event "FIDE WCh KO"]
[Site "Tripoli LBA"]
[Date "2004.06.20"]
[Round "1.2"]
[White "Iordachescu,V"]
[Black "Morovic Fernandez,I"]
[Result "1-0"]
[WhiteElo "2627"]
[BlackElo "2583"]
[EventDate "2004.06.19"]

1. e4 e5 2. Nf3 Nf6 3. Nxe5 d6 4. Nf3 Nxe4 5. d4 d5 6. Bd3 Be7 7. O-O Nc6
8. Re1 Bg4 9. c3 f5 10. Qb3 O-O 11. Nbd2 Na5 12. Qc2 c5 13. Ne5 Bh5 14. f3
cxd4 15. fxe4 dxc3 16. exd5 cxd2 17. Bxd2 Qxd5 18. Bc3 Kh8 19. Bxf5 Bh4 20.
Qe4 Qxe4 21. Rxe4 Bd8 22. g4 Bb6+ 23. Kg2 Rad8 24. gxh5 Rxf5 25. h6 Kg8 26.
hxg7 h5 27. Kh1 Kh7 28. Rae1 Re8 29. Nd7 Rxe4 30. Re3 1-0

[Event "FIDE WCh KO"]
[Site "Tripoli LBA"]
[Date "2004.06.20"]
[Round "1.6"]
[White "Tiviakov,S"]
[Black "Sargissian,G"]
[Result "1-0"]
[WhiteElo "2593"]
[BlackElo "2614"]
[EventDate "2004.06.19"]

1. e4 c6 2. d4 d5 3. Nd2 dxe4 4. Nxe4 Nd7 5. Nf3 Ngf6 6. Ng3 c5 7. dxc5 e6
8. b4 a5 9. c3 Qc7 10. Bd2 b6 11. cxb6 Nxb6 12. Be2 Bd6 13. Nd4 Bd7 14. Nb5
Bxb5 15. Bxb5+ Ke7 16. Qe2 Be5 17. Rc1 h5 18. bxa5 Nbd7 19. c4 Nc5 20. Bb4
h4 21. Qe3 Rhc8 22. Ne2 Bd6 23. a3 Qb7 24. f3 h3 25. gxh3 Qc7 26. Rd1 Kf8
27. Rg1 Be7 28. Qg5 g6 29. Qh6+ Kg8 30. Qf4 e5 31. Qh6 Ne6 32. h4 Ng7 33.
Ng3 Rd8 34. h5 Bxb4+ 35. axb4 Qe7 36. hxg6 fxg6 37. Kf2 Qxb4 38. Qxg6 Qb3
39. Rxd8+ Rxd8 40. Ne2 Nfh5 41. Qxh5 e4 42. Qg4 e3+ 43. Kg2 Qb2 44. Kh1 Rd6
45. c5 Rh6 46. Bc4+ 1-0

[Event "FIDE WCh KO"]
[Site "Tripoli LBA"]
[Date "2004.06.21"]
[Round "2.1"]
[White "Beliavsky,A"]
[Black "Kobalia,M"]
[Result "1/2-1/2"]
[WhiteElo "2667"]
[BlackElo "2630"]
[EventDate "2004.06.19"]

1. d4 d5 2. c4 c6 3. Nf3 Nf6 4. Nc3 e6 5. Bg5 h6 6. Bh4 dxc4 7. e4 g5 8.
Bg3 b5 9. Be2 Bb7 10. h4 g4 11. Ne5 h5 12. f3 Nbd7 13. fxg4 Nxe5 14. Bxe5
hxg4 15. Bxg4 Rh6 16. h5 Qa5 17. O-O Nd7 18. Bf4 Rh7 19. e5 Qb6 20. Ne4 Be7
21. a4 a5 22. Kh1 c5 23. dxc5 Nxc5 24. Nxc5 Qxc5 25. Qc2 Rg7 26. Bf3 Bxf3
27. Rxf3 Rg4 28. g3 Qd5 29. Raf1 O-O-O 30. axb5 Rh8 31. b3 Qxb5 32. Rc1
Rxh5+ 33. Kg2 Rg8 34. Qxc4+ Qxc4 35. Rxc4+ Kb8 36. Bd2 Rgh8 37. Rxf7 Rh2+
38. Kf3 Rxd2 39. Rxe7 Rd3+ 40. Kf4 Rf8+ 41. Ke4 Rxg3 42. Rxe6 Rxb3 43. Rec6
Kb7 44. e6 Rb4 45. Ke5 Rxc4 46. Rxc4 Kb6 47. e7 Re8 48. Kd6 Kb5 49. Rf4 a4
1/2-1/2

[Event "FIDE WCh KO"]
[Site "Tripoli LBA"]
[Date "2004.06.22"]
[Round "2.4"]
[White "Van Wely,L"]
[Black "Filippov,Va"]
[Result "1-0"]
[WhiteElo "2651"]
[BlackElo "2639"]
[EventDate "2004.06.19"]

1. d4 d5 2. c4 c6 3. Nc3 Nf6 4. Nf3 e6 5. Bg5 Nbd7 6. cxd5 exd5 7. e3 Be7
8. Qc2 Nh5 9. Bxe7 Qxe7 10. O-O-O Nb6 11. Ne5 g6 12. h3 Bf5 13. Nd3 Nf6 14.
g4 Bxd3 15. Bxd3 O-O-O 16. Rhe1 Kb8 17. f3 Ne8 18. Qh2+ Qc7 19. Qf2 Ng7 20.
Kb1 Ne6 21. h4 a6 22. Bc2 c5 23. dxc5 Qxc5 24. Bb3 Rd7 25. Rd3 Rhd8 26.
Red1 Ka7 27. a3 Qa5 28. Ba2 Qc5 29. f4 f5 30. gxf5 gxf5 31. Qg2 Rg7 32. Qh3
d4 33. exd4 Qd6 34. Bxe6 Qxe6 35. d5 Qf6 36. Qe3 Rd6 37. Na4 Kb8 38. Nxb6
Rxb6 39. Qe5+ Rd6 40. Re3 Rgd7 41. h5 Qf7 42. Qe8+ Qxe8 43. Rxe8+ Kc7 44.
Re5 Rf7 45. Rg1 Kd7 46. Rg5 Rdf6 47. Kc2 a5 48. Kc3 h6 49. Rg8 Rb6 50. Ra8
Rg7 51. Rxf5 a4 52. Rxa4 Rg3+ 53. Kd4 Rxb2 54. Rb4 Rd2+ 55. Ke5 Re3+ 56.
Kf6 Kc7 57. a4 b6 58. Re5 Red3 59. Ke6 Rd4 60. Rxd4 Rxd4 61. f5 Rxa4 62. f6
b5 63. f7 1-0

[Event "FIDE WCh KO"]
[Site "Tripoli LBA"]
[Date "2004.06.22"]
[Round "2.6"]
[White "Iordachescu,V"]
[Black "Rublevsky,S"]
[Result "0-1"]
[WhiteElo "2627"]
[BlackElo "2671"]
[EventDate "2004.06.19"]

1. e4 c5 2. Nf3 e6 3. Nc3 Nc6 4. Bb5 Nd4 5. Bd3 Nxf3+ 6. Qxf3 a6 7. O-O Qc7
8. Re1 Bd6 9. g3 Nf6 10. Bf1 Be5 11. Bg2 b5 12. a4 b4 13. Nd5 Nxd5 14. exd5
Bb7 15. d4 cxd4 16. Qh5 d6 17. f4 g6 18. Qh6 Bf6 19. dxe6 Bxg2 20. Kxg2
Qxc2+ 21. Kg1 Qf5 22. Bd2 fxe6 23. Bxb4 Kd7 24. Rad1 Rac8 25. Rd2 Rc4 26.
Ba3 Qh5 27. b3 Rc6 28. Bb2 e5 29. Rf1 Rb8 30. fxe5 dxe5 31. Rdf2 Bg5 32.
Rf7+ Ke6 33. Ba3 Rxb3 34. Bf8 d3 35. h4 Be3+ 36. Kg2 Rb2+ 37. Kh3 Rcc2 38.
Re7+ Kd5 39. Rh1 d2 40. Bg7 Bd4 41. Qxh5 gxh5 42. Bh6 d1=Q 0-1

[Event "FIDE WCh KO"]
[Site "Tripoli LBA"]
[Date "2004.06.23"]
[Round "3.1"]
[White "Aronian,L"]
[Black "Smirnov,P"]
[Result "1/2-1/2"]
[WhiteElo "2645"]
[BlackElo "2601"]
[EventDate "2004.06.19"]

1. c4 c5 2. Nf3 Nf6 3. Nc3 Nc6 4. g3 d5 5. cxd5 Nxd5 6. Bg2 Nc7 7. O-O e5
8. d3 Be7 9. Nd2 Bd7 10. Nc4 f6 11. f4 b5 12. Ne3 Rc8 13. a4 b4 14. Nb5
exf4 15. Bxc6 fxe3 16. Be4 Nxb5 17. axb5 Bxb5 18. Rxa7 O-O 19. Bxe3 Kh8 20.
Qa1 Bd6 21. Rf5 Bd7 22. Qf1 Qe8 23. Rd5 f5 24. Qh3 fxe4 25. Qxd7 Qxd7 26.
Rxd7 exd3 27. exd3 Rce8 28. Bg5 Be5 29. Be7 Rxe7 30. Rxe7 Bxb2 31. Rf7 Re8
32. Rfd7 Bd4+ 33. Kg2 b3 34. Rd8 Rg8 35. R5d7 b2 36. Rxg8+ Kxg8 37. Rb7 Bc3
38. Rb3 Kf7 39. Kf3 Kf6 40. Ke2 Kf5 41. h3 g5 42. Kd1 g4 43. hxg4+ Kxg4 44.
Kc2 Bd4 45. Rb6 h5 46. Rg6+ Kf5 47. Rg8 Ke5 1/2-1/2